| 000 | 00781cam a22002414a 4500 | ||
|---|---|---|---|
| 001 | 14065472 | ||
| 005 | 20131001152950.0 | ||
| 008 | 050805s2006 nyua b 001 0 eng | ||
| 010 | _a 2005053352 | ||
| 020 | _a0071462899 | ||
| 020 | _a9780071462891 | ||
| 082 | 0 | 0 |
_a620.136 _222 _bMEH |
| 100 | 1 |
_aMehta, P. K. _q(Povindar K.) _933888 |
|
| 245 | 1 | 0 |
_aConcrete : _bmicrostructure, properties, and materials / _cP. Kumar Mehta, Paulo J.M. Monteiro. |
| 250 | _a3rd ed. | ||
| 260 |
_aNew York : _bMcGraw-Hill, _cc2006. |
||
| 300 |
_axxi, 659 p. : _bill. ; _c25 cm + _e1 CD-ROM (4 3/4 in.). |
||
| 504 | _aIncludes bibliographical references and index. | ||
| 650 | 0 |
_aConcrete. _933889 |
|
| 653 |
_bCiv _cSeptember2013 |
||
| 700 | 1 |
_aMonteiro, Paulo J. M. _933890 |
|
| 942 |
_2ddc _cBB |
||
| 999 |
_c17591 _d17563 |
||